[Event "1. Bundesliga 2015/2016"]
[Site "Mattersburg"]
[Date "2015.11.05"]
[Round "1"]
[Board "2"]
[White "Maksimenko, Andrei"]
[Black "Rozentalis, Eduardas"]
[Result "1/2-1/2"]
[WhiteElo "2478"]
[BlackElo "2584"]
[PlyCount "62"]
[EventDate "2015.11.05"]
[EventType "team"]
[EventRounds "11"]
[EventCountry "AUT"]
[WhiteTeam "ASVOE Wulkaprodersdorf"]
[BlackTeam "SK Hohenems"]

1.e4 e6 2.d4 d5 3.Nd2 dxe4 4.Nxe4 Bd7 5.Nf3 Bc6 6.Bd3 Nd7 7.O-O Bxe4 8.Bxe4 c6 9.c3
Ngf6 10.Bc2 Bd6 11.Re1 Qc7 12.Qe2 O-O 13.Bg5 Bf4 14.Bh4 g6 15.Ne5 Bh6 16.Nd3 Nh5 17.Qf3
Bg7 18.Rad1 Rfe8 19.a3 a5 20.Re2 Rac8 21.Bb1 Ra8 22.Bc2 Rac8 23.Bb1 Ra8 24.Rde1 Bf6
25.Bxf6 Nhxf6 26.Ba2 Rad8 27.g3 Kg7 28.Kg2 b6 29.h3 c5 30.dxc5 Nxc5 31.Ne5 Rd6 1/2-1/2

[Event "1. Bundesliga 2015/2016"]
[Site "Mattersburg"]
[Date "2015.11.05"]
[Round "1"]
[Board "3"]
[White "Martinovic, Sasa"]
[Black "Thiede, Lars"]
[Result "1/2-1/2"]
[WhiteElo "2539"]
[BlackElo "2420"]
[PlyCount "61"]
[EventDate "2015.11.05"]
[EventType "team"]
[EventRounds "11"]
[EventCountry "AUT"]
[WhiteTeam "SK Hohenems"]
[BlackTeam "ASVOE Wulkaprodersdorf"]

1.d4 g6 2.c4 Bg7 3.e4 d6 4.Nc3 Nf6 5.Nf3 O-O 6.h3 Na6 7.Bg5 c5 8.d5 Nc7 9.Bd3 b5 10.cxb5
a6 11.bxa6 Bxa6 12.O-O e6 13.Bxa6 Rxa6 14.Qd2 exd5 15.exd5 Qa8 16.Rad1 Rb8 17.Rfe1
Nb5 18.Bxf6 Bxf6 19.Ne4 Bg7 20.Qf4 Rxa2 21.Nf6+ Bxf6 22.Qxf6 Ra7 23.Nh2 Rf8 24.Ng4
h5 25.Nh6+ Kh7 26.Nf5 gxf5 27.Qxf5+ Kh6 28.Qf6+ Kh7 29.Qf5+ Kh6 30.Qf4+ Kh7 31.Qf5+ 1/2-1/2

[Event "1. Bundesliga 2015/2016"]
[Site "Mattersburg"]
[Date "2015.11.05"]
[Round "1"]
[Board "4"]
[White "Abel, Dennes"]
[Black "Breder, Dennis"]
[Result "1-0"]
[WhiteElo "2466"]
[BlackElo "2474"]
[PlyCount "115"]
[EventDate "2015.11.05"]
[EventType "team"]
[EventRounds "11"]
[EventCountry "AUT"]
[WhiteTeam "ASVOE Wulkaprodersdorf"]
[BlackTeam "SK Hohenems"]

1.d4 d5 2.Nf3 c6 3.c4 e6 4.Nc3 Nf6 5.Bg5 h6 6.Bxf6 Qxf6 7.e3 g6 8.Rc1 Qd8 9.Bd3 Bg7
10.O-O O-O 11.e4 dxe4 12.Bxe4 Nd7 13.Bb1 e5 14.d5 c5 15.d6 f5 16.Nd5 Rf7 17.b4 e4
18.Nd2 cxb4 19.c5 Ne5 20.Nb3 Nc6 21.f3 exf3 22.Qxf3 Ne5 23.Qe2 a5 24.Nd4 Bd7 25.Nc7
Rc8 26.Bc2 a4 27.Nde6 Qf6 28.Nf4 Ng4 29.Bd3 Kh7 30.Bc4 Rff8 31.Kh1 Bc6 32.Bd5 Qh4
33.g3 Qf6 34.Bxc6 bxc6 35.Nfe6 Rf7 36.h3 Ne5 37.Nxg7 Kxg7 38.Rfe1 Nd7 39.Ne8+ Rxe8
40.Qxe8 b3 41.axb3 axb3 42.Qe3 b2 43.Rb1 f4 44.gxf4 Qxf4 45.Qxf4 Rxf4 46.Re7+ Rf7
47.Rxb2 Rxe7 48.dxe7 Kf7 49.Re2 Nf6 50.Kg2 g5 51.Re5 Ne8 52.Kf3 Ng7 53.Kg4 Ke8 54.Re1
Kf7 55.Rd1 Ne6 56.Rd6 Nxc5 57.Rxc6 Nd7 58.Re6 1-0

[Event "1. Bundesliga 2015/2016"]
[Site "Mattersburg"]
[Date "2015.11.05"]
[Round "1"]
[Board "5"]
[White "Atlas, Valery"]
[Black "Volkmann, Friedrich Karl"]
[Result "1-0"]
[WhiteElo "2453"]
[BlackElo "2433"]
[PlyCount "109"]
[EventDate "2015.11.05"]
[EventType "team"]
[EventRounds "11"]
[EventCountry "AUT"]
[WhiteTeam "SK Hohenems"]
[BlackTeam "ASVOE Wulkaprodersdorf"]

1.e4 e5 2.Nf3 Nf6 3.Nxe5 Nxe4 4.Qe2 Qe7 5.d3 Qxe5 6.Qxe4 Bb4+ 7.c3 Qxe4+ 8.dxe4 Bc5
9.a4 a6 10.b4 Be7 11.g3 a5 12.b5 b6 13.Bg2 Bb7 14.O-O d6 15.Be3 Nd7 16.Bd4 Bf6 17.Re1
O-O-O 18.Bh3 Bxd4 19.cxd4 h5 20.Nc3 h4 21.Kg2 hxg3 22.hxg3 Rh6 23.d5 Rdh8 24.Rh1 Kd8
25.Bxd7 Rxh1 26.Rxh1 Rxh1 27.Kxh1 Kxd7 28.Kg2 Ke7 29.g4 Bc8 30.Kg3 g5 31.f4 gxf4+
32.Kxf4 f6 33.Ne2 Bd7 34.Nd4 Kf7 35.Nc2 Kf8 36.Ne3 Kg8 37.Nf5 Kf7 38.Nd4 Ke7 39.Kg3
Kf8 40.Kh4 Kf7 41.Kh5 Ke7 42.Nf5+ Kf7 43.Kh6 Be8 44.Kh7 Kf8 45.Nh6 Bxb5 46.axb5 a4
47.Nf5 Kf7 48.Nd4 a3 49.Nc2 a2 50.Kh6 f5 51.exf5 Kf6 52.g5+ Kxf5 53.g6 Ke4 54.g7 Kd3
55.Na1 1-0

[Event "1. Bundesliga 2015/2016"]
[Site "Mattersburg"]
[Date "2015.11.05"]
[Round "1"]
[Board "6"]
[White "Wallner, Joachim"]
[Black "Baldauf, Marco"]
[Result "1/2-1/2"]
[WhiteElo "2311"]
[BlackElo "2413"]
[PlyCount "70"]
[EventDate "2015.11.05"]
[EventType "team"]
[EventRounds "11"]
[EventCountry "AUT"]
[WhiteTeam "ASVOE Wulkaprodersdorf"]
[BlackTeam "SK Hohenems"]

1.Nf3 Nf6 2.b3 g6 3.Bb2 Bg7 4.c4 c5 5.g3 b6 6.Bg2 Bb7 7.O-O O-O 8.d3 Nc6 9.Nc3 d5
10.cxd5 Nxd5 11.Qd2 Nc7 12.h4 h6 13.Nd1 Nd4 14.Nxd4 Bxg2 15.Nf5 gxf5 16.Bxg7 Kxg7
17.Kxg2 Nd5 18.Ne3 Nxe3+ 19.fxe3 Qd5+ 20.Kh2 Qe5 21.Rac1 e6 22.Rf4 Rad8 23.Rcf1 Rd7
24.e4 fxe4 25.Rg4+ Kh7 26.Qe3 Rd4 27.Rxe4 Rxe4 28.dxe4 f6 29.Rd1 Rg8 30.Rd7+ Rg7 31.Qd3
h5 32.Rxg7+ Kxg7 33.Qd7+ Kg6 34.Qe8+ Kg7 35.Qe7+ Kg6 1/2-1/2

[Event "1. Bundesliga 2015/2016"]
[Site "Mattersburg"]
[Date "2015.11.05"]
[Round "1"]
[Board "1"]
[White "Bromberger, Stefan"]
[Black "Haba, Petr"]
[Result "0-1"]
[WhiteElo "2531"]
[BlackElo "2481"]
[PlyCount "56"]
[EventDate "2015.11.05"]
[EventType "team"]
[EventRounds "11"]
[EventCountry "AUT"]
[WhiteTeam "SIR Royal Salzburg"]
[BlackTeam "Spk. Grieskirchen/Bad Schallerbach"]

1.d4 Nf6 2.c4 e6 3.Nc3 Bb4 4.Qc2 O-O 5.a3 Bxc3+ 6.Qxc3 b5 7.cxb5 a6 8.f3 Nd5 9.Qd3
f5 10.Nh3 axb5 11.Bg5 Qe8 12.e4 fxe4 13.fxe4 Nb6 14.Qg3 Nc6 15.Bh6 Qg6 16.Qxg6 hxg6
17.Be3 Nc4 18.Bxc4 bxc4 19.O-O-O c3 20.bxc3 Na5 21.d5 Nc4 22.Bc5 d6 23.Bb4 exd5 24.exd5
Bf5 25.Ng5 Rxa3 26.Bxa3 Rb8 27.Bb4 Ra8 28.Rhe1 Ra1# 0-1

[Event "1. Bundesliga 2015/2016"]
[Site "Mattersburg"]
[Date "2015.11.05"]
[Round "1"]
[Board "2"]
[White "Kilgus, Georg"]
[Black "Mons, Leon"]
[Result "1/2-1/2"]
[WhiteElo "2410"]
[BlackElo "2461"]
[PlyCount "60"]
[EventDate "2015.11.05"]
[EventType "team"]
[EventRounds "11"]
[EventCountry "AUT"]
[WhiteTeam "Spk. Grieskirchen/Bad Schallerbach"]
[BlackTeam "SIR Royal Salzburg"]

1.Nf3 d5 2.g3 Bg4 3.Bg2 c6 4.h3 Bh5 5.d3 e6 6.O-O Bd6 7.e4 Ne7 8.exd5 cxd5 9.c4 O-O
10.Nc3 Nbc6 11.cxd5 exd5 12.g4 Bg6 13.Nh4 Nb4 14.Nxg6 hxg6 15.d4 Nbc6 16.Nxd5 Nxd5
17.Bxd5 Bh2+ 18.Kxh2 Qxd5 19.Be3 Rad8 20.Qb3 Qd6+ 21.Kg2 Nxd4 22.Bxd4 Qxd4 23.Rad1
Qe4+ 24.Qf3 Qxf3+ 25.Kxf3 f6 26.Rfe1 Kf7 27.Rc1 Rd7 28.Red1 Rxd1 29.Rxd1 Ke6 30.Re1+
Kd6 1/2-1/2

[Event "1. Bundesliga 2015/2016"]
[Site "Mattersburg"]
[Date "2015.11.05"]
[Round "1"]
[Board "3"]
[White "Prusikin, Michael"]
[Black "Webersberger, Johann"]
[Result "1-0"]
[WhiteElo "2523"]
[BlackElo "2362"]
[PlyCount "77"]
[EventDate "2015.11.05"]
[EventType "team"]
[EventRounds "11"]
[EventCountry "AUT"]
[WhiteTeam "SIR Royal Salzburg"]
[BlackTeam "Spk. Grieskirchen/Bad Schallerbach"]

1.d4 Nf6 2.c4 g6 3.Nc3 Bg7 4.e4 O-O 5.Nf3 d6 6.Be2 e5 7.d5 a5 8.Bg5 h6 9.Bh4 Na6 10.Nd2
Qe8 11.a3 Bd7 12.b3 Nh7 13.O-O h5 14.f3 Bh6 15.Rb1 Be3+ 16.Kh1 f5 17.b4 axb4 18.axb4
g5 19.Bf2 Bxf2 20.Rxf2 Nf6 21.c5 Qg6 22.c6 bxc6 23.dxc6 Be6 24.exf5 Qxf5 25.Nde4 Nxe4
26.Nxe4 d5 27.Nc3 Qf7 28.Qd2 Qf4 29.Bxa6 Rxa6 30.b5 Raa8 31.Nxd5 Qxd2 32.Rxd2 Rad8
33.Nxc7 Rxd2 34.Nxe6 Ra8 35.h3 Rc2 36.c7 Kf7 37.b6 Raa2 38.Rg1 Rab2 39.b7 1-0

[Event "1. Bundesliga 2015/2016"]
[Site "Mattersburg"]
[Date "2015.11.05"]
[Round "1"]
[Board "4"]
[White "Schwabeneder, Florian"]
[Black "Seyb, Alexander"]
[Result "1/2-1/2"]
[WhiteElo "2371"]
[BlackElo "2417"]
[PlyCount "134"]
[EventDate "2015.11.05"]
[EventType "team"]
[EventRounds "11"]
[EventCountry "AUT"]
[WhiteTeam "Spk. Grieskirchen/Bad Schallerbach"]
[BlackTeam "SIR Royal Salzburg"]

1.e4 c5 2.Nf3 d6 3.d4 cxd4 4.Nxd4 Nf6 5.Nc3 a6 6.f4 e5 7.Nf3 Nbd7 8.a4 Be7 9.Bc4 Qa5
10.Qe2 exf4 11.Bxf4 Ne5 12.Bb3 O-O 13.O-O Be6 14.Kh1 Ng6 15.Be3 Bxb3 16.cxb3 d5 17.e5
Ne4 18.Bd4 Nxc3 19.bxc3 Nf4 20.Qe3 Ne6 21.Bb6 Bc5 22.Bxa5 Bxe3 23.Rad1 b6 24.Bb4 Rfd8
25.Bd6 Rac8 26.Rd3 Bc5 27.Rxd5 Bxd6 28.exd6 Rxc3 29.b4 f6 30.h3 Rc6 31.Rfd1 Kf7 32.b5
axb5 33.axb5 Rc5 34.R5d2 Rxb5 35.Re1 Rc5 36.d7 Nf8 37.Rb1 Rxd7 38.Rxb6 Rxd2 39.Nxd2
Rd5 40.Nf3 g5 41.Rb4 Ne6 42.h4 h6 43.hxg5 hxg5 44.Kh2 Kg6 45.Ra4 Rd6 46.Rb4 Ra6 47.Nd4
Nf4 48.Rb2 Ra4 49.Rd2 g4 50.Ne2 Ne6 51.Rd6 Ng5 52.Rd2 Ra3 53.Rb2 Ne4 54.g3 Kg5 55.Kg2
Rd3 56.Ra2 f5 57.Kh2 Nd2 58.Kg2 Ne4 59.Kh2 Rf3 60.Kg2 Rf2+ 61.Kg1 Rf3 62.Kg2 Rb3 63.Kh2
Nc3 64.Nxc3 Rxc3 65.Kg2 Rc8 66.Rb2 Ra8 67.Rc2 Re8 1/2-1/2

[Event "1. Bundesliga 2015/2016"]
[Site "Mattersburg"]
[Date "2015.11.05"]
[Round "1"]
[Board "5"]
[White "Schramm, Christian"]
[Black "Singer, Christoph"]
[Result "1-0"]
[WhiteElo "2390"]
[BlackElo "2311"]
[PlyCount "63"]
[EventDate "2015.11.05"]
[EventType "team"]
[EventRounds "11"]
[EventCountry "AUT"]
[WhiteTeam "SIR Royal Salzburg"]
[BlackTeam "Spk. Grieskirchen/Bad Schallerbach"]

1.e4 e5 2.Bc4 Nc6 3.Nc3 Nf6 4.d3 Bc5 5.f4 d6 6.f5 Na5 7.Qf3 Nxc4 8.dxc4 c6 9.Bg5 a6
10.Nge2 b5 11.O-O-O Qa5 12.Be3 b4 13.Bxc5 dxc5 14.Nb1 Qxa2 15.b3 a5 16.Rd6 a4 17.Rhd1
Bd7 18.Qg3 a3 19.Qxe5+ Kf8 20.Rxd7 Nxd7 21.Rxd7 Re8 22.Qd6+ Kg8 23.Rd8 Qb2+ 24.Kd2
h6 25.Rxe8+ Kh7 26.Rxh8+ Kxh8 27.Nxa3 bxa3 28.Nc3 a2 29.Nxa2 Qxa2 30.Qf8+ Kh7 31.f6
Qa5+ 32.Ke2 1-0

[Event "1. Bundesliga 2015/2016"]
[Site "Mattersburg"]
[Date "2015.11.05"]
[Round "1"]
[Board "6"]
[White "Lentrodt, Thomas"]
[Black "Hilverda, Alexander"]
[Result "1-0"]
[WhiteElo "2263"]
[BlackElo "2378"]
[PlyCount "175"]
[EventDate "2015.11.05"]
[EventType "team"]
[EventRounds "11"]
[EventCountry "AUT"]
[WhiteTeam "Spk. Grieskirchen/Bad Schallerbach"]
[BlackTeam "SIR Royal Salzburg"]

1.d4 d5 2.Nf3 Nf6 3.g3 Bf5 4.c4 c6 5.Qb3 Qb6 6.c5 Qxb3 7.axb3 Bxb1 8.Rxb1 Nbd7 9.b4
g6 10.Ra1 a6 11.Bh3 Bg7 12.O-O h6 13.Bd2 Ne4 14.Bc3 f5 15.Rfd1 Kf7 16.Nd2 Nxd2 17.Rxd2
Nf6 18.f3 h5 19.e3 Rae8 20.Bg2 h4 21.Kf2 g5 22.Re1 g4 23.f4 hxg3+ 24.hxg3 Rh2 25.Kg1
Rh7 26.Rb1 Nh5 27.Kf2 Bf6 28.Rh1 Reh8 29.Rdd1 Kg6 30.Rdg1 Kf7 31.Be1 Bg7 32.Ke2 Rh6
33.Bf2 Rb8 34.Kd3 Rhh8 35.Ra1 Kg6 36.Kc2 Rhd8 37.Ra3 Nf6 38.Raa1 Nd7 39.Ra3 Nf8 40.Raa1
Ne6 41.Ra3 Nc7 42.Raa1 Ra8 43.Bf1 Rh8 44.Bg2 Rxh1 45.Rxh1 Ne8 46.Ra1 Nf6 47.Rh1 Rg8
48.Kb3 e6 49.Ka4 Bf8 50.Kb3 Be7 51.Be1 Ra8 52.Bf1 Bd8 53.Bd3 Kg7 54.Bd2 Bc7 55.Kc2
Ne4 56.Be1 Bd8 57.Rh2 b6 58.Bxe4 dxe4 59.Bc3 Bf6 60.Rh1 bxc5 61.bxc5 a5 62.Kb3 a4+
63.Kc4 Kg6 64.Ra1 Kf7 65.b4 Ke7 66.Rh1 Kd7 67.Rh7+ Be7 68.b5 cxb5+ 69.Kxb5 Rb8+ 70.Kxa4
Rb7 71.Bb4 Kc6 72.Kb3 Bd8 73.Rh6 Kd5 74.Kc3 Ra7 75.Rh8 Bc7 76.Rc8 Kc6 77.Re8 Kd5 78.Re7
Bb8 79.Re8 Bc7 80.Kb3 Ra1 81.Re7 Ra7 82.Ba5 Bb8 83.Rxa7 Bxa7 84.Bc7 Kc6 85.Bd6 Kb5
86.Kc3 Kc6 87.Kc4 Bb6 88.cxb6 1-0

[Event "1. Bundesliga 2015/2016"]
[Site "Mattersburg"]
[Date "2015.11.05"]
[Round "1"]
[Board "1"]
[White "Bosiocic, Marin"]
[Black "Diermair, Andreas"]
[Result "1/2-1/2"]
[WhiteElo "2564"]
[BlackElo "2478"]
[PlyCount "62"]
[EventDate "2015.11.05"]
[EventType "team"]
[EventRounds "11"]
[EventCountry "AUT"]
[WhiteTeam "SV Jacques Lemans St. Veit"]
[BlackTeam "SV Raika Rapid Feffernitz"]

1.d4 d5 2.c4 c6 3.Nf3 Nf6 4.e3 Bg4 5.h3 Bxf3 6.Qxf3 e6 7.Nc3 Bb4 8.Bd3 Nbd7 9.O-O
O-O 10.Qe2 Re8 11.Bd2 Qe7 12.a3 Bd6 13.c5 Bc7 14.f4 Nf8 15.b4 a6 16.Be1 Rad8 17.Bh4
Ng6 18.Bxg6 hxg6 19.Qd3 Rd7 20.Rae1 Qf8 21.Re2 Bd8 22.Be1 Bc7 23.Bh4 Bd8 24.Be1 Bc7
25.Bd2 Red8 26.Be1 Re8 27.Bd2 Red8 28.g4 Qe7 29.Be1 Nh7 30.h4 f5 31.g5 Nf8 1/2-1/2

[Event "1. Bundesliga 2015/2016"]
[Site "Mattersburg"]
[Date "2015.11.05"]
[Round "1"]
[Board "2"]
[White "Schreiner, Peter"]
[Black "Rogic, Davor"]
[Result "1/2-1/2"]
[WhiteElo "2461"]
[BlackElo "2532"]
[PlyCount "61"]
[EventDate "2015.11.05"]
[EventType "team"]
[EventRounds "11"]
[EventCountry "AUT"]
[WhiteTeam "SV Raika Rapid Feffernitz"]
[BlackTeam "SV Jacques Lemans St. Veit"]

1.d4 d5 2.c4 c6 3.cxd5 cxd5 4.Nc3 Nf6 5.Nf3 Nc6 6.Bf4 Bf5 7.e3 e6 8.Bd3 Bxd3 9.Qxd3
Bd6 10.Bxd6 Qxd6 11.O-O O-O 12.Rfc1 Rac8 13.a3 a6 14.Ne2 Ne7 15.Ne5 Nd7 16.Nxd7 Qxd7
17.h3 Rxc1+ 18.Rxc1 Rc8 19.Rxc8+ Nxc8 20.Qc2 h6 21.Nf4 Nd6 22.b3 b6 23.Nd3 Qc8 24.Qxc8+
Nxc8 25.Kf1 Kf8 26.Ke2 Ke7 27.f3 f6 28.h4 g5 29.hxg5 hxg5 30.g4 Nd6 31.a4 1/2-1/2

[Event "1. Bundesliga 2015/2016"]
[Site "Mattersburg"]
[Date "2015.11.05"]
[Round "1"]
[Board "4"]
[White "Petschar, Kurt"]
[Black "Gutman, Lev"]
[Result "1/2-1/2"]
[WhiteElo "2274"]
[BlackElo "2432"]
[PlyCount "43"]
[EventDate "2015.11.05"]
[EventType "team"]
[EventRounds "11"]
[EventCountry "AUT"]
[WhiteTeam "SV Raika Rapid Feffernitz"]
[BlackTeam "SV Jacques Lemans St. Veit"]

1.e4 c5 2.c3 Nf6 3.e5 Nd5 4.Nf3 d6 5.d4 cxd4 6.cxd4 Nc6 7.Bc4 Nb6 8.Bb5 dxe5 9.Nxe5
Bd7 10.Bxc6 Bxc6 11.Nxc6 bxc6 12.O-O g6 13.Nc3 Bg7 14.Be3 O-O 15.Rc1 Qd7 16.Qf3 Rac8
17.Rfd1 Nd5 18.Ne4 Nb6 19.Nc3 Nd5 20.Ne4 Nb6 21.Nc3 Nd5 22.Ne4 1/2-1/2

[Event "1. Bundesliga 2015/2016"]
[Site "Mattersburg"]
[Date "2015.11.05"]
[Round "1"]
[Board "5"]
[White "Knapp, Friedrich"]
[Black "Kavcic, Zan"]
[Result "1/2-1/2"]
[WhiteElo "2010"]
[BlackElo "2319"]
[PlyCount "60"]
[EventDate "2015.11.05"]
[EventType "team"]
[EventRounds "11"]
[EventCountry "AUT"]
[WhiteTeam "SV Jacques Lemans St. Veit"]
[BlackTeam "SV Raika Rapid Feffernitz"]

1.Nf3 g6 2.d4 Nf6 3.c3 Bg7 4.Bf4 O-O 5.Nbd2 d5 6.e3 c6 7.Bd3 Qb6 8.Qb3 h6 9.Ne5 Nbd7
10.Qc2 Nh5 11.Ndf3 c5 12.Nxd7 Bxd7 13.Ne5 Be6 14.Bg3 Nf6 15.Qb3 Qxb3 16.axb3 cxd4
17.exd4 Nh5 18.Nf3 Bg4 19.Ne5 Nxg3 20.hxg3 Bxe5 21.dxe5 Kg7 22.f3 Bf5 23.Bxf5 gxf5
24.Rh4 e6 25.Ke2 a6 26.g4 fxg4 27.Rxg4+ Kh7 28.Rh1 Rg8 29.Rxg8 Rxg8 30.Kf2 Rc8 1/2-1/2

[Event "1. Bundesliga 2015/2016"]
[Site "Mattersburg"]
[Date "2015.11.05"]
[Round "1"]
[Board "6"]
[White "Hofer, Christian"]
[Black "Knapp, Daniel"]
[Result "1/2-1/2"]
[WhiteElo "1968"]
[BlackElo "1923"]
[PlyCount "60"]
[EventDate "2015.11.05"]
[EventType "team"]
[EventRounds "11"]
[EventCountry "AUT"]
[WhiteTeam "SV Raika Rapid Feffernitz"]
[BlackTeam "SV Jacques Lemans St. Veit"]

1.Nf3 c6 2.d4 d5 3.Bf4 Bf5 4.e3 e6 5.Be2 Nd7 6.Nbd2 Ngf6 7.O-O Be7 8.Ne5 Rc8 9.c3
Qb6 10.Qb3 O-O 11.Nxd7 Nxd7 12.Rfe1 c5 13.Bf3 c4 14.Qxb6 Nxb6 15.e4 dxe4 16.Bxe4 Bxe4
17.Nxe4 Nd5 18.Bd6 Rfd8 19.Bxe7 Nxe7 20.Rad1 Nf5 21.Kf1 Nd6 22.f3 Kf8 23.Kf2 Nxe4+
24.Rxe4 Rd5 25.Re5 Rcd8 26.Rde1 Rxe5 27.Rxe5 Rd5 28.Rxd5 exd5 29.Ke3 Ke7 30.g4 Ke6 1/2-1/2

[Event "1. Bundesliga 2015/2016"]
[Site "Mattersburg"]
[Date "2015.11.05"]
[Round "1"]
[Board "1"]
[White "Sutovsky, Emil"]
[Black "Volokitin, Andrei"]
[Result "1/2-1/2"]
[WhiteElo "2622"]
[BlackElo "2642"]
[PlyCount "71"]
[EventDate "2015.11.05"]
[EventType "team"]
[EventRounds "11"]
[EventCountry "AUT"]
[WhiteTeam "Schachklub Absam"]
[BlackTeam "Schachklub Sparkasse Jenbach"]

1.e4 e5 2.Nf3 Nc6 3.Bb5 Nf6 4.O-O Nxe4 5.d4 Nd6 6.Bxc6 dxc6 7.dxe5 Nf5 8.Qxd8+ Kxd8
9.Rd1+ Ke8 10.Nc3 Ne7 11.h3 Ng6 12.Nd4 Be7 13.f4 h5 14.Ne4 Nh4 15.Ng3 a6 16.Be3 c5
17.Nde2 Nf5 18.Nxf5 Bxf5 19.Nc3 c6 20.Rd2 Rd8 21.Rad1 Rxd2 22.Rxd2 b5 23.Kf2 f6 24.exf6
gxf6 25.Kf3 Kf7 26.Ne4 c4 27.Nd6+ Bxd6 28.Rxd6 Re8 29.g4 hxg4+ 30.hxg4 Bxg4+ 31.Kxg4
Rxe3 32.Rxc6 Re2 33.c3 Rxb2 34.Rxa6 b4 35.cxb4 Rxb4 36.a3 1/2-1/2

[Event "1. Bundesliga 2015/2016"]
[Site "Mattersburg"]
[Date "2015.11.05"]
[Round "1"]
[Board "2"]
[White "Bauer, Christian"]
[Black "Luther, Thomas"]
[Result "1/2-1/2"]
[WhiteElo "2631"]
[BlackElo "2558"]
[PlyCount "101"]
[EventDate "2015.11.05"]
[EventType "team"]
[EventRounds "11"]
[EventCountry "AUT"]
[WhiteTeam "Schachklub Sparkasse Jenbach"]
[BlackTeam "Schachklub Absam"]

1.Nf3 Nf6 2.d4 e6 3.g3 b6 4.Bg2 Bb7 5.c4 g6 6.O-O Bg7 7.Qd3 O-O 8.Nc3 d5 9.cxd5 Nxd5
10.Bg5 Qd7 11.Rfd1 Nxc3 12.bxc3 c5 13.Ne5 Qc8 14.Bxb7 Qxb7 15.Ng4 cxd4 16.Bf6 h5 17.Bxg7
Kxg7 18.Qxd4+ f6 19.Ne3 Na6 20.Nc4 Qc6 21.Nd6 Rad8 22.Rd2 e5 23.Qd5 Qxd5 24.Rxd5 Nc7
25.Rd3 f5 26.Rad1 Kf6 27.e4 fxe4 28.Nxe4+ Ke7 29.Nd6 Ne6 30.Rd5 Rf3 31.Ne4 Rxd5 32.Rxd5
Rf5 33.h4 Nc7 34.Rd3 Ne6 35.Kg2 g5 36.hxg5 Nxg5 37.Nd6 Rf8 38.Nc4 Nf7 39.Re3 Kf6 40.Rf3+
Ke6 41.Nd2 Rg8 42.Ne4 Rg4 43.Re3 Nd6 44.f3 Rg8 45.Kh3 Nxe4 46.Rxe4 Kf5 47.Rh4 Kg6
48.Re4 Rf8 49.Kg2 Kf5 50.Rh4 Kg6 51.Re4 1/2-1/2

[Event "1. Bundesliga 2015/2016"]
[Site "Mattersburg"]
[Date "2015.11.05"]
[Round "1"]
[Board "3"]
[White "Bayer, Bernhard"]
[Black "Schlosser, Philipp"]
[Result "0-1"]
[WhiteElo "2429"]
[BlackElo "2551"]
[PlyCount "54"]
[EventDate "2015.11.05"]
[EventType "team"]
[EventRounds "11"]
[EventCountry "AUT"]
[WhiteTeam "Schachklub Absam"]
[BlackTeam "Schachklub Sparkasse Jenbach"]

1.c4 Nf6 2.Nc3 c5 3.g3 d5 4.cxd5 Nxd5 5.Bg2 Nc7 6.Nf3 Nc6 7.O-O e5 8.d3 Be7 9.Ne1
O-O 10.f4 exf4 11.gxf4 Bg4 12.Nf3 Qd7 13.Kh1 Rad8 14.Be3 Kh8 15.Rg1 b6 16.Bf2 f5 17.Bg3
Bf6 18.Qd2 c4 19.Ne5 Nxe5 20.fxe5 Be7 21.Qf4 cxd3 22.Rad1 d2 23.Bf2 Ne6 24.Qg3 Bg5
25.h3 Bh5 26.Bd5 f4 27.Qg2 Bxe2 0-1

[Event "1. Bundesliga 2015/2016"]
[Site "Mattersburg"]
[Date "2015.11.05"]
[Round "1"]
[Board "5"]
[White "Rotstein, Arkadij"]
[Black "Shengelia, David"]
[Result "1-0"]
[WhiteElo "2513"]
[BlackElo "2566"]
[PlyCount "111"]
[EventDate "2015.11.05"]
[EventType "team"]
[EventRounds "11"]
[EventCountry "AUT"]
[WhiteTeam "Schachklub Absam"]
[BlackTeam "Schachklub Sparkasse Jenbach"]

1.g3 d5 2.Nf3 c5 3.Bg2 Nf6 4.O-O h6 5.a3 Nc6 6.d4 cxd4 7.Nxd4 e5 8.Nxc6 bxc6 9.c4
Rb8 10.b4 a5 11.b5 cxb5 12.cxd5 Bd6 13.Bb2 O-O 14.Nd2 a4 15.e4 Qe7 16.h3 Ba6 17.Re1
Nd7 18.Nf1 Nc5 19.Ne3 g6 20.f4 h5 21.Rc1 Nb3 22.Rc6 exf4 23.Nf5 gxf5 24.Rxa6 Be5 25.Bxe5
Qxe5 26.Qxh5 fxg3 27.Rf1 Rfc8 28.Qg5+ Qg7 29.Qxf5 Nd4 30.Qh5 Rc2 31.Raf6 Rb7 32.e5
Rbc7 33.Re1 Rf2 34.Rb6 Rc8 35.e6 fxe6 36.dxe6 Ne2+ 37.Kh1 Rxg2 38.Qf7+ Qxf7 39.exf7+
Kxf7 40.Kxg2 Rc2 41.Kf3 Nd4+ 42.Kxg3 Rc3+ 43.Kg4 Nc2 44.Rf1+ Ke7 45.Rf3 Rxf3 46.Kxf3
Nxa3 47.Kf4 Kd7 48.h4 Kc7 49.Rg6 b4 50.h5 b3 51.h6 b2 52.Rg1 Nc4 53.h7 a3 54.h8=Q
a2 55.Rg7+ Kc6 56.Qa8+ 1-0

[Event "1. Bundesliga 2015/2016"]
[Site "Mattersburg"]
[Date "2015.11.05"]
[Round "1"]
[Board "6"]
[White "Lehner, Oliver"]
[Black "De Francesco, Klaus"]
[Result "1/2-1/2"]
[WhiteElo "2408"]
[BlackElo "2275"]
[PlyCount "71"]
[EventDate "2015.11.05"]
[EventType "team"]
[EventRounds "11"]
[EventCountry "AUT"]
[WhiteTeam "Schachklub Sparkasse Jenbach"]
[BlackTeam "Schachklub Absam"]

1.Nf3 Nf6 2.c4 g6 3.Nc3 d5 4.cxd5 Nxd5 5.g3 Bg7 6.Bg2 Nb6 7.O-O O-O 8.d3 Nc6 9.Be3
h6 10.Rc1 e5 11.b4 Re8 12.b5 Nd4 13.Nd2 a6 14.bxa6 Rxa6 15.Nb3 Qe7 16.Re1 c6 17.Rb1
Be6 18.Nc1 Nc8 19.Bd2 Nd6 20.a4 Bg4 21.h3 Bc8 22.e3 Ne6 23.Nb3 Nf5 24.a5 Rd8 25.Qc2
Nc5 26.Nxc5 Qxc5 27.Bf1 Rxa5 28.Rec1 Ra8 29.Qb2 Qe7 30.Ne4 h5 31.Bb4 Qe6 32.Bc5 Ne7
33.Ng5 Qf6 34.Ne4 Qe6 35.Ng5 Qf6 36.Ne4 1/2-1/2

[Event "1. Bundesliga 2015/2016"]
[Site "Mattersburg"]
[Date "2015.11.05"]
[Round "1"]
[Board "1"]
[White "Schmidt, Peter"]
[Black "Krasenkow, Michal"]
[Result "0-1"]
[WhiteElo "2386"]
[BlackElo "2610"]
[PlyCount "126"]
[EventDate "2015.11.05"]
[EventType "team"]
[EventRounds "11"]
[EventCountry "AUT"]
[WhiteTeam "Spg Sauwald"]
[BlackTeam "L.A. Kraftanlage Ottakring"]

1.d4 g6 2.g3 Bg7 3.Bg2 d6 4.Nf3 Bg4 5.O-O Qc8 6.Re1 Nf6 7.b3 c5 8.Bb2 O-O 9.c4 Nc6
10.d5 Nd8 11.Nbd2 Ne8 12.Qc2 Bxb2 13.Qxb2 Nc7 14.a3 f6 15.b4 b6 16.h4 Nf7 17.Rab1
Rb8 18.Qb3 Kg7 19.Nh2 Bd7 20.Qc3 Na6 21.b5 Nc7 22.f4 h5 23.a4 a5 24.Nhf3 Bg4 25.Rbd1
Kh7 26.Ne4 Nh6 27.Nf2 Ne8 28.Rd2 Ng7 29.Kh2 Kg8 30.Bh3 Bxh3 31.Nxh3 Qe8 32.e4 e5 33.dxe6
Qxe6 34.Qd3 Rbd8 35.Kg2 Rfe8 36.Nf2 Nf7 37.Qd5 f5 38.Ng5 Qxd5 39.Rxd5 Nxg5 40.hxg5
Kf7 41.e5 dxe5 42.fxe5 Ne6 43.Nh3 Nc7 44.Nf4 Nxd5 45.cxd5 c4 46.Kf2 c3 47.d6 c2 48.Nd3
Re6 49.Rc1 Rc8 50.Ke3 Rc4 51.Kd2 f4 52.gxf4 h4 53.Rh1 c1=Q+ 54.Nxc1 Rxf4 55.Nd3 Rxa4
56.Rf1+ Ke8 57.Rc1 h3 58.Rc8+ Kd7 59.Rc7+ Kd8 60.Rh7 Rd4 61.Ke3 Rxd3+ 62.Kxd3 Rxe5
63.Rxh3 Kd7 0-1

[Event "1. Bundesliga 2015/2016"]
[Site "Mattersburg"]
[Date "2015.11.05"]
[Round "1"]
[Board "2"]
[White "Banusz, Tamas"]
[Black "Testor, Sebastian"]
[Result "1-0"]
[WhiteElo "2619"]
[BlackElo "2330"]
[PlyCount "81"]
[EventDate "2015.11.05"]
[EventType "team"]
[EventRounds "11"]
[EventCountry "AUT"]
[WhiteTeam "L.A. Kraftanlage Ottakring"]
[BlackTeam "Spg Sauwald"]

1.Nf3 Nf6 2.c4 e6 3.Nc3 c5 4.g3 b6 5.Bg2 Bb7 6.O-O a6 7.d4 cxd4 8.Qxd4 d6 9.Rd1 Be7
10.b3 Nbd7 11.e4 Qc8 12.Bb2 O-O 13.Rac1 Qc7 14.h3 Rfe8 15.Nh2 h5 16.Nf3 Rac8 17.Qe3
Qb8 18.Qe2 Bf8 19.Re1 Qa8 20.Ng5 Ne5 21.Na4 Ned7 22.f4 e5 23.Nc3 h4 24.fxe5 dxe5 25.g4
Bc5+ 26.Kh1 Nf8 27.Nd5 Bxd5 28.exd5 Ng6 29.Qf3 Qb8 30.Qf5 Ne7 31.Qxe5 Bd6 32.Qd4 Bf4
33.Ne4 Bxc1 34.Nxf6+ gxf6 35.Rxc1 Qd6 36.Qxf6 Qxf6 37.Bxf6 Ng6 38.d6 Ne5 39.Bd5 Nd7
40.Be7 Ne5 41.Re1 1-0